Govt. of
Madhya Pradesh

BNB सामान्‍य अंग्रेजी सभ्‍ाी प्रतियाेगी परीक्षाआें के लिए उपयाेगी (Record no. 58423)

MARC details
000 -LEADER
fixed length control field 00644nam a22001577a 4500
003 - CONTROL NUMBER IDENTIFIER
control field macl
005 - DATE AND TIME OF LATEST TRANSACTION
control field 20181013132057.0
008 - FIXED-LENGTH DATA ELEMENTS--GENERAL INFORMATION
fixed length control field 181013b xxu||||| |||| 00| 0 eng d
040 ## - CATALOGING SOURCE
Transcribing agency macl
082 ## - DEWEY DECIMAL CLASSIFICATION NUMBER
Classification number 425
100 ## - MAIN ENTRY--PERSONAL NAME
Personal name गौतम ,शैफाली.
9 (RLIN) 73031
245 ## - TITLE STATEMENT
Title BNB सामान्‍य अंग्रेजी सभ्‍ाी प्रतियाेगी परीक्षाआें के लिए उपयाेगी
260 ## - PUBLICATION, DISTRIBUTION, ETC. (IMPRINT)
Place of publication, distribution, etc. भाेपाल
Name of publisher, distributor, etc. बी एन बी पब्लिकेशन्‍स
Date of publication, distribution, etc. 2017
650 ## - SUBJECT ADDED ENTRY--TOPICAL TERM
Topical term or geographic name as entry element सामान्‍य अंग्रेजी
9 (RLIN) 73032
942 ## - ADDED ENTRY ELEMENTS (KOHA)
Source of classification or shelving scheme
Koha item type Hindi Books

No items available.